000 00856nam a2200265 i 4500
003 DO-SdBNP
005 20240411143733.0
007 ta
008 240411b2023 dr ac||| |||| 00| 0 spa d
020 _a9789945223026
040 _aDO-SdBNP
_bspa
_cBNPHU
_erda
082 4 _222
100 1 _aAristy Caraballo, Máximo,
_eautor
_985193
245 1 0 _aMis ideas en el tiempo /
_cMáximo Aristy Caraballo ; prólogo,Lucivel Avila
264 _aSanto Domingo :
_bBúho,
_c2023.
300 _a122 páginas :
_bilustraciones, retratos ;
_c23 cm.
336 _2rdacontent
_atexto
_btxt
337 _2rdamedia
_asin mediación
_bn
338 _2rdacarrier
_avolumen
_bnc
500 _aIncluye datos biográficos del autor en las solapas
590 _aInventariado, 2024/BT
700 _aAvila, Lucivel,
_eprólogo
_974506
910 _aBtavárez
942 _2ddc
_cLBS1
999 _c56347
_d56347